Honduras: la noche que quemaron el consulado /

Gespeichert in:
Bibliographische Detailangaben
1. Verfasser: Moreno, Juan
Format: Text
Tags: Tag hinzufügen
Keine Tags, Fügen Sie den ersten Tag hinzu!

MARC

LEADER 00000 a a2200000 04500
001 1733
003
040
100 |a Moreno, Juan  
245 |a Honduras:   |b la noche que quemaron el consulado /  |c Juan Moreno 
773 |g número 44; páginas 35-36  
999 |c 32898  |d 32898